Humanistic Governance in Democratic Organizations (Запис № 579894)

МАРК-запис
000 -LEADER
fixed length control field 06115nam a22006975i 4500
001 - CONTROL NUMBER
control field 978-3-031-17403-2
003 - CONTROL NUMBER IDENTIFIER
control field DE-He213
005 - DATE AND TIME OF LATEST TRANSACTION
control field 20260304124543.0
007 - PHYSICAL DESCRIPTION FIXED FIELD--GENERAL INFORMATION
fixed length control field cr nn 008mamaa
008 - FIXED-LENGTH DATA ELEMENTS--GENERAL INFORMATION
fixed length control field 230202s2023 sz | s |||| 0|eng d
020 ## - INTERNATIONAL STANDARD BOOK NUMBER
International Standard Book Number 9783031174032
-- 978-3-031-17403-2
024 7# - OTHER STANDARD IDENTIFIER
Standard number or code 10.1007/978-3-031-17403-2
Source of number or code doi
050 #4 - LIBRARY OF CONGRESS CALL NUMBER
Classification number HD30.255
072 #7 - SUBJECT CATEGORY CODE
Subject category code KJJ
Source bicssc
072 #7 - SUBJECT CATEGORY CODE
Subject category code BUS094000
Source bisacsh
072 #7 - SUBJECT CATEGORY CODE
Subject category code KJJ
Source thema
082 04 - DEWEY DECIMAL CLASSIFICATION NUMBER
Classification number 658.4083
Edition number 23
245 10 - TITLE STATEMENT
Title Humanistic Governance in Democratic Organizations
Medium [electronic resource] :
Remainder of title The Cooperative Difference /
Statement of responsibility, etc edited by Sonja Novković, Karen Miner, Cian McMahon.
250 ## - EDITION STATEMENT
Edition statement 1st ed. 2023.
264 #1 -
-- Cham :
-- Springer International Publishing :
-- Imprint: Palgrave Macmillan,
-- 2023.
300 ## - PHYSICAL DESCRIPTION
Extent XXVIII, 460 p. 10 illus., 8 illus. in color.
Other physical details online resource.
336 ## -
-- text
-- txt
-- rdacontent
337 ## -
-- computer
-- c
-- rdamedia
338 ## -
-- online resource
-- cr
-- rdacarrier
341 0# -
-- Table of contents navigation
-- onix
341 0# -
-- Single logical reading order
-- onix
341 0# -
-- Short alternative textual descriptions
-- onix
341 0# -
-- Use of color is not sole means of conveying information
-- onix
341 0# -
-- Use of high contrast between text and background color
-- onix
341 0# -
-- Next / Previous structural navigation
-- onix
341 0# -
-- All non-decorative content supports reading without sight
-- onix
347 ## -
-- text file
-- PDF
-- rda
490 1# - SERIES STATEMENT
Series statement Humanism in Business Series,
Міжнародний стандартний серійний номер для назви серії (ISSN) 2662-1258
505 0# - FORMATTED CONTENTS NOTE
Formatted contents note Introduction -- Part 1 -- Humanism and the cooperative enterprise – theoretical foundations -- Parsing dignity for organizations -- Cooperative governance in context -- Part 2 -- Humanism and democracy in worker cooperatives -- Democratic cooperative governance: understanding the roles of the governing bodies -- Governance in Lincolnshire Consumer Cooperative -- Comparing governance systems in Cuban cooperatives: a study of producer and worker cooperatives in agriculture, industry and services -- From theory to practice: social capital in agricultural cooperatives in Flanders, Belgium -- The governance of multistakeholder cooperatives in Mondragon: The evolving relationship among purpose, structure, and process -- Networking, governance, and stakeholder engagement of financial cooperatives: some national case studies -- Part 3 -- Decades of radical self-management at a Venezuelan cooperative: Institutional distinctiveness and ideology -- Transformational resilience and future-ready cooperative governance systems -- Measuring transformational impact of cooperatives.
506 0# - RESTRICTIONS ON ACCESS NOTE
Terms governing access Open Access
520 ## - SUMMARY, ETC.
Summary, etc This open access edited book brings together a number of theories under the umbrella of humanistic governance to develop a persuasive alternative perspective on governance, particularly for democratic organisations such as co-operatives. It examines how we can move beyond a profit-first approach to governance, into a framework that prioritises human dignity in all aspects of an operation. This book also discusses key issues for different types of cooperatives and how these might be addressed. And, finally, it addresses how cooperatives can better cope with dynamic change processes. This book will be of interest for academics working in the areas of stakeholder governance, social solidarity economy, ethical management and co-operatives. Sonja Novkovic is a Professor of Economics and Academic Director of the International Centre for Co-operative Management at Saint Mary’s University in Halifax, Canada. She is a member and former Chair of the International Cooperative Alliance Research Committee. Karen Miner is the Managing Director and a Governance Researcher for the International Centre for Co-operative Management at Saint Mary’s University, Canada. Cian McMahon is a Postdoctoral Research Fellow with the International Centre for Co-operative Management at Saint Mary’s University, Halifax, Canada. He has published in the fields of economic democracy, community development, heterodox economics, and economic inequality.
532 8# -
-- Accessibility summary: This PDF does not fully comply with PDF/UA standards, but does feature limited screen reader support, described non-text content (images, graphs), bookmarks for easy navigation and searchable, selectable text. Users of assistive technologies may experience difficulty navigating or interpreting content in this document. We recognize the importance of accessibility, and we welcome queries about accessibility for any of our products. If you have a question or an access need, please get in touch with us at accessibilitysupport@springernature.com.
532 8# -
-- No reading system accessibility options actively disabled
532 8# -
-- Publisher contact for further accessibility information: accessibilitysupport@springernature.com
650 #0 - SUBJECT ADDED ENTRY--TOPICAL TERM
Topical term or geographic name as entry element Industrial management
General subdivision Environmental aspects.
650 #0 - SUBJECT ADDED ENTRY--TOPICAL TERM
Topical term or geographic name as entry element Personnel management.
650 #0 - SUBJECT ADDED ENTRY--TOPICAL TERM
Topical term or geographic name as entry element Commercial law.
650 14 - SUBJECT ADDED ENTRY--TOPICAL TERM
Topical term or geographic name as entry element Corporate Environmental Management.
650 24 - SUBJECT ADDED ENTRY--TOPICAL TERM
Topical term or geographic name as entry element Human Resource Management.
650 24 - SUBJECT ADDED ENTRY--TOPICAL TERM
Topical term or geographic name as entry element Business Law.
700 1# - ADDED ENTRY--PERSONAL NAME
Personal name Novković, Sonja.
Relator term editor.
-- (orcid)0000-0002-0339-6114
-- https://orcid.org/0000-0002-0339-6114
Relator code edt
-- http://id.loc.gov/vocabulary/relators/edt
9 (RLIN) 23854
700 1# - ADDED ENTRY--PERSONAL NAME
Personal name Miner, Karen.
Relator term editor.
-- (orcid)0000-0002-7413-3311
-- https://orcid.org/0000-0002-7413-3311
Relator code edt
-- http://id.loc.gov/vocabulary/relators/edt
9 (RLIN) 23855
700 1# - ADDED ENTRY--PERSONAL NAME
Personal name McMahon, Cian.
Relator term editor.
Relator code edt
-- http://id.loc.gov/vocabulary/relators/edt
9 (RLIN) 23856
710 2# - ADDED ENTRY--CORPORATE NAME
Corporate name or jurisdiction name as entry element SpringerLink (Online service)
773 0# - HOST ITEM ENTRY
Title Springer Nature eBook
776 08 - ADDITIONAL PHYSICAL FORM ENTRY
Display text Printed edition:
International Standard Book Number 9783031174025
776 08 - ADDITIONAL PHYSICAL FORM ENTRY
Display text Printed edition:
International Standard Book Number 9783031174049
776 08 - ADDITIONAL PHYSICAL FORM ENTRY
Display text Printed edition:
International Standard Book Number 9783031174056
830 #0 - SERIES ADDED ENTRY--UNIFORM TITLE
Uniform title Humanism in Business Series,
-- 2662-1258
9 (RLIN) 23857
856 40 - ELECTRONIC LOCATION AND ACCESS
Uniform Resource Identifier <a href="https://doi.org/10.1007/978-3-031-17403-2">https://doi.org/10.1007/978-3-031-17403-2</a>
912 ## -
-- ZDB-2-BUM
912 ## -
-- ZDB-2-SXBM
912 ## -
-- ZDB-2-SOB

Немає доступних примірників.